The revelation : (Record no. 4367)

MARC details
000 -LEADER
fixed length control field 00704cam a2200241 a 4500
001 - CONTROL NUMBER
control field 113642
003 - CONTROL NUMBER IDENTIFIER
control field GBCCL
005 - DATE AND TIME OF LATEST TRANSACTION
control field 20241126110517.0
008 - FIXED-LENGTH DATA ELEMENTS--GENERAL INFORMATION
fixed length control field 730223s1963 scu 000 0 eng d
035 ## - SYSTEM CONTROL NUMBER
System control number (OCoLC)ocm00563484
040 ## - CATALOGING SOURCE
Original cataloging agency KSU
Transcribing agency KSU
Modifying agency OCL
-- KWW
-- LBB
049 ## -
-- LBBK
082 ## - DEWEY DECIMAL CLASSIFICATION NUMBER
Classification number 228.007
Item number GRE
090 ## - LOCALLY ASSIGNED LC-TYPE CALL NUMBER (OCLC); LOCAL CALL NUMBER (RLIN)
Classification number (OCLC) (R) ; Classification number, CALL (RLIN) (NR) BS2825.3
Local cutter number (OCLC) ; Book number/undivided call number, CALL (RLIN) .G68x
090 ## - LOCALLY ASSIGNED LC-TYPE CALL NUMBER (OCLC); LOCAL CALL NUMBER (RLIN)
Classification number (OCLC) (R) ; Classification number, CALL (RLIN) (NR) BS2825.3
Local cutter number (OCLC) ; Book number/undivided call number, CALL (RLIN) .G68
092 ## - LOCALLY ASSIGNED DEWEY CALL NUMBER (OCLC)
Classification number 228
Item number G74r 1963
100 1# - MAIN ENTRY--PERSONAL NAME
Personal name Greene, Oliver B.
9 (RLIN) 3382
245 14 - TITLE STATEMENT
Title The revelation :
Remainder of title verse by verse study /
Statement of responsibility, etc. by Oliver B. Greene.
260 ## - PUBLICATION, DISTRIBUTION, ETC.
Place of publication, distribution, etc. Greenville, S.C. :
Name of publisher, distributor, etc. The Gospel Hour, Inc.
Date of publication, distribution, etc. 1974, c1963.
300 ## - PHYSICAL DESCRIPTION
Extent 543 p. ;
Dimensions 20 cm.
630 00 - SUBJECT ADDED ENTRY--UNIFORM TITLE
Uniform title Bible.
Name of part/section of a work N.T.
-- Revelation
Form subdivision Commentaries.
9 (RLIN) 8208
942 ## - ADDED ENTRY ELEMENTS (KOHA)
Source of classification or shelving scheme Dewey Decimal Classification
Koha item type Books
Koha issues (borrowed), all copies 7
Holdings
Withdrawn status Lost status Source of classification or shelving scheme Damaged status Not for loan Home library Current Library Shelving location Date acquired Total checkouts Total renewals Full call number Barcode Date last seen Date last checked out Copy number Price effective from Koha item type
    Dewey Decimal Classification     GRACE BIBLE COLLEGE GRACE BIBLE COLLEGE Biblical Studies 2018-01-19 10 1 228.007 GRE 008973 2026-02-10 2026-02-09 c.1 2018-01-19 Books
© Grace Bible College Library 2025